| 000 | 00549nam a22001817a 4500 | ||
|---|---|---|---|
| 003 | OSt | ||
| 005 | 20251201091923.0 | ||
| 008 | 251201b |||||||| |||| 00| 0 eng d | ||
| 020 | _a 978-1-4777-8130-2 | ||
| 040 |
_aDWCL - Main _c OC |
||
| 082 | _aGR 306 S645w 2015 | ||
| 100 | _aSmith, Daniel | ||
| 245 |
_aWorld Cultures Explained : _bThe Guide for Curious Minds / _cDaniel Smith |
||
| 260 |
_aUSA; _bRosen Publishing Group, Inc., _cc2015. |
||
| 300 |
_a136 pages, _bcolored illustrations; _c21 cm. |
||
| 650 | _a1. Geography | ||
| 942 |
_2ddc _cGR _n0 |
||
| 999 |
_c6624 _d6624 |
||